Introduction to tropical fish stock assessment
A number of exercises with worked out solutions is given. The execises are directly related to the various chapters and sections of the manual.
Guardado en:
| Autor principal: | |
|---|---|
| Formato: | Libro |
| Lenguaje: | Undetermined |
| Publicado: |
Rome
FAO
1992
|
| Materias: | |
| Etiquetas: |
Agregar Etiqueta
Sin Etiquetas, Sea el primero en etiquetar este registro!
|
| Thư viện lưu trữ: | Trung tâm Học liệu Trường Đại học Cần Thơ |
|---|
| LEADER | 00704nam a2200193Ia 4500 | ||
|---|---|---|---|
| 001 | CTU_161548 | ||
| 008 | 210402s9999 xx 000 0 und d | ||
| 082 | |a 639.2 | ||
| 082 | |b S737 | ||
| 100 | |a Sparre, Per | ||
| 245 | 0 | |a Introduction to tropical fish stock assessment | |
| 245 | 0 | |c Per Sparre, Siebren C. Venema | |
| 260 | |a Rome | ||
| 260 | |b FAO | ||
| 260 | |c 1992 | ||
| 520 | |a A number of exercises with worked out solutions is given. The execises are directly related to the various chapters and sections of the manual. | ||
| 650 | |a Fish Stock Assessment,Đánh giá nguồn lợi thủy sản | ||
| 904 | |i Hồng, Nhớ | ||
| 980 | |a Trung tâm Học liệu Trường Đại học Cần Thơ | ||